| 000 | 00791cam a2200205 a 4500 | ||
|---|---|---|---|
| 001 | 2126322 | ||
| 005 | 20250708110821.0 | ||
| 008 | 970725s1998 miu b 001 0 eng | ||
| 020 |
_a0802842550 _qpbk. : alk. paper |
||
| 020 |
_a9780802842558 _q(pbk. : alk. paper) |
||
| 050 | 0 | 0 |
_aBS2440 _b.K67 1998 |
| 082 | 0 | 0 |
_a226.5/06 _221 |
| 100 | 1 |
_aKöstenberger, Andreas J., _d1957- |
|
| 245 | 1 | 4 |
_aThe missions of Jesus and the disciples according to the Fourth Gospel : _bwith implications for the Fourth Gospel's purpose and the mission of the contemporary church / _cAndreas J. Köstenberger. |
| 260 |
_aGrand Rapids, Mich. : _bW.B. Eerdmans, _cc1998. |
||
| 300 |
_axvi, 271 p. ; _c23 cm. |
||
| 650 | 0 |
_aGreek language, Biblical _xSemantics. |
|
| 650 | 0 |
_aMissions _xTheory. |
|
| 942 |
_2lcc _cBK _n0 |
||
| 999 |
_c6856 _d6856 |
||